| 000 | 02072nam a2200181 4500 | ||
|---|---|---|---|
| 001 | 2050 | ||
| 005 | 20230410123511.0 | ||
| 008 | 060907n1984 dr spa | ||
| 035 | _9funglode2058 | ||
| 041 | _aES | ||
| 050 | 1 | 4 | _aKGQ 1570 P965 1984 |
| 245 | 0 | 3 |
_aLa propiedad intelectual en la República Dominicana / _cCompilador Cristóbal Gómez Yanguela |
| 260 |
_aSanto Domingo : _bPublicaciones ONAP, _c1984 |
||
| 300 | _a225 p. | ||
| 520 | _aCódigo penal, 11. -- Reglamento no. 5027 de 5 de agosto de 1911 relativo a la protección artística y literaria, 13. -- Ley no. 5393 del 2 de noviembre de 1914 sobre registro y protección de la propiedad intelectual, 29. -- Ley no. 6132 del 15 de diciembre de 1962 de expresión y división del pensamiento, 47. -- Ley no. 40 del 4 de noviembre de 1963 de comunicaciones postales, 67. -- Ley no. 793 del 13 de junio de 1978 que exonera de todo tipo de aranceles, derechos de aduanas, tasas y otros impuestos de importación y de consumo, la importación de los equipos y materiales necesarios para el funcionamiento de lo medios de comunicación social, 69. -- Tratado para la protección de obras literarias y artística, 75. -- Convención sobre la propiedad literaria y artística, 81. -- Convención interamericana sobre derechos de autor en obras literarias, científicas y artísticas, 87. -- Convención sobre las medidas que debe adoptarse para prohibir e impedir la importación, la exportación y la transferencia de propiedad ilícita de bienes culturales, 97. -- Convención internacional sobre la protección de los artísticas interpretes o ejecutantes de los productores de fonogramas los organismos de radiodifusión, 111. -- Conveción universal sobre derechos de autor, 127. -- Convenio para la protección de los productos de fonogramas contra la reproducción no autorizada de sus fonogramas, 155. -- Convenio sobre la distribución de señales portadoras de programas transmitidas por satelite, 163 | ||
| 700 | _aGómez Yanguela, Cristóbal, comp | ||
| 942 |
_2lcc _cbk |
||
| 999 |
_c62712 _d62712 |
||